En sitios más oscuros / (Registro nro. 6538)
[ vista simple ]
| 000 -LEADER | |
|---|---|
| fixed length control field | 00955nam a22002537a 4500 |
| 003 - CONTROL NUMBER IDENTIFIER | |
| control field | OSt |
| 005 - DATE AND TIME OF LATEST TRANSACTION | |
| control field | 20250414113756.0 |
| 008 - FIXED-LENGTH DATA ELEMENTS--GENERAL INFORMATION | |
| fixed length control field | 200217t2019 ck ||||gr|||| 00| fdspa d |
| 020 ## - INTERNATIONAL STANDARD BOOK NUMBER | |
| International Standard Book Number | 9789584278333 |
| 040 ## - CATALOGING SOURCE | |
| Original cataloging agency | CO-JMCR |
| Transcribing agency | CO-JMCR |
| 041 0# - LANGUAGE CODE | |
| Language code of text/sound track or separate title | spa |
| 082 04 - DEWEY DECIMAL CLASSIFICATION NUMBER | |
| Classification number | A-N |
| Item number | ECHe |
| 100 1# - MAIN ENTRY--PERSONAL NAME | |
| Personal name | Echeverry, Juan Carlos, |
| Relator term | autor |
| 9 (RLIN) | 667 |
| 245 1# - TITLE STATEMENT | |
| Title | En sitios más oscuros / |
| Statement of responsibility, etc. | Juan Carlos Echeverry |
| 250 ## - EDITION STATEMENT | |
| Edition statement | Primera edición |
| 260 ## - PUBLICATION, DISTRIBUTION, ETC. | |
| Place of publication, distribution, etc. | Bogotá : |
| Name of publisher, distributor, etc. | Planeta, |
| Date of publication, distribution, etc. | ©2019 |
| 300 ## - PHYSICAL DESCRIPTION | |
| Extent | 155 páginas ; |
| Dimensions | 23 cm. |
| 490 ## - SERIES STATEMENT | |
| Series statement | Autores Españoles e Iberoamericanos |
| 500 ## - GENERAL NOTE | |
| General note | Datos biográficos del autor en solapa posterior. |
| 520 ## - SUMMARY, ETC. | |
| Summary, etc. | A Aristides se lo tragó la Manigua y jamás quiso volver a Bogotá. Después de una década de haber abandonado a su esposa y sus cuatro hijos, decide pedirle a dos de ellos que lo acompañen en una misteriosa empresa. |
| 650 14 - SUBJECT ADDED ENTRY--TOPICAL TERM | |
| Topical term or geographic name entry element | Novela |
| Geographic subdivision | Bogotana |
| 9 (RLIN) | 668 |
| 650 14 - SUBJECT ADDED ENTRY--TOPICAL TERM | |
| Topical term or geographic name entry element | Novela |
| General subdivision | familia |
| 9 (RLIN) | 669 |
| 942 ## - ADDED ENTRY ELEMENTS (KOHA) | |
| Source of classification or shelving scheme | Dewey Decimal Classification |
| Koha item type | Books |
| Withdrawn status | Lost status | Source of classification or shelving scheme | Damaged status | Not for loan | Home library | Current library | Shelving location | Date acquired | Source of acquisition | Cost, normal purchase price | Total Checkouts | Full call number | Barcode | Date last seen | Copy number | Price effective from | Koha item type |
|---|---|---|---|---|---|---|---|---|---|---|---|---|---|---|---|---|---|
| Dewey Decimal Classification | Biblioteca Pública José María del Castillo y Rada | Biblioteca Pública José María del Castillo y Rada | Processing Center | 12/19/2019 | Donación | 0.00 | A-N ECHe | 201809734 | 02/17/2020 | Ej.1 | 02/17/2020 | Books |